| 000 | 01086nam a22003017a 4500 | ||
|---|---|---|---|
| 001 | BR0809734 | ||
| 003 | BR-BrBNA | ||
| 005 | 20230928102846.0 | ||
| 007 | ta | ||
| 008 | 230509b bl.||||| |||| 00| 0 por d | ||
| 040 |
_aBR-BrBNA _bpor _cBiblioteca Nacional de Agricultura |
||
| 041 | _a(Por) | ||
| 072 | _aF30 | ||
| 090 | _ F30 BR0809734 | ||
| 100 | 1 | _aAlexandre, J.R. | |
| 110 | 1 |
_aUniversidade de Brasília, DF (Brasil). Faculdade de Agronomia e Medicina Veterinária _0Tese (Pós-Graduação em Agronegócios) |
|
| 245 | 1 | _aBreve análise sobre o uso de plantas geneticamente modificadas na agricultura e sua coexistência com outros sistemas de produção sob uma abordagem economica e sociológica | |
| 260 | 3 |
_aBrasília, DF (Brasil): _c2008. |
|
| 300 | _a54 p. | ||
| 500 | _aSummaries (Eng, Por); Bibliography p. 50-54 | ||
| 650 | _aPLANTA TRANSGÊNICA | ||
| 650 | _aMUDANÇA TECNOLÓGICA | ||
| 650 | _aDESENVOLVIMENTO SÓCIO-ECONÔMICO | ||
| 650 | _aSISTEMA DE PRODUÇÃO | ||
| 650 | _aBIOSSEGURANÇA | ||
| 909 |
_a202309 _bLucia _c55 _dLucia Elande |
||
| 942 | _cBK | ||
| 999 |
_c72732 _d72732 |
||